[Event "IECG QM.2004.0.00073 email"]
[Site "IECG email"]
[Date "2004.07.01"]
[Round "?"]
[White "Bardos, Istvan"]
[Black "Long, Jeffrey"]
[Result "1/2-1/2"]
[WhiteElo "2246"]
[BlackElo "2223"]
[PlyCount "109"]
[EventDate "2004.07.01"]
[EventType "tourn (corr)"]
[EventRounds "6"]
[SourceTitle "Corr 2008"]
[Source "ChessBase"]
[SourceDate "2008.06.24"]
[SourceVersion "1"]
[SourceVersionDate "2008.06.24"]
[SourceQuality "1"]

1. e4 g6 2. d4 Bg7 3. Nc3 d6 4. f4 Nf6 5. Nf3 0-0 6. Be3 Nc6 7. Be2 e6 8. Qd2 Ne7 9. 0-0-0 b6 10. e5 Nfd5 11. Nxd5 Nxd5 12. h4 h5 13. Ng5 f6 14. exf6 Qxf6 15. g3 Bb7 16. Bf2 a6 17. Rhe1 b5 18. Bf1 Rae8 19. Bh3 Bc8 20. Re4 Re7 21. Rde1 Rfe8 22. g4 hxg4 23. Bxg4 b4 24. h5 gxh5 25. Bxh5 Rf8 26. Bg3 c5 27. Bg4 Rfe8 28. Qh2 cxd4 29. Qh7+ Kf8 30. Bh4 d3 31. Nxe6+ Bxe6 32. Bxf6 Nxf6 33. Qh4 Bxg4 34. Rxe7 Rxe7 35. Rxe7 Kxe7 36. cxd3 Kf7 37. f5 b3 38. axb3 Bxf5 39. Qc4+ Ke7 40. b4 Ng4 41. Qxa6 Bh6+ 42. Kc2 Ne5 43. Qb7+ Ke6 44. Qc8+ Kf6 45. Qh8+ Bg7 46. Qd8+ Kf7 47. Qc7+ Kg6 48. Qxd6+ Bf6 49. Kd1 Bxd3 50. b3 Kf5 51. Qc5 Be4 52. b5 Ke6 53. b4 Bf3+ 54. Kd2 Bd5 55. Qc8+ 1/2-1/2

[Event "IECG WC.2001.F.00002 email"]
[Site "IECG email"]
[Date "2001.12.15"]
[Round "?"]
[White "Freire, Daniel J"]
[Black "Long, Jeffrey"]
[Result "1-0"]
[WhiteElo "1892"]
[BlackElo "2213"]
[PlyCount "107"]
[EventDate "2001.12.15"]
[EventType "tourn (corr)"]
[EventRounds "14"]
[SourceTitle "Corr 2008"]
[Source "ChessBase"]
[SourceDate "2008.06.24"]
[SourceVersion "1"]
[SourceVersionDate "2008.06.24"]
[SourceQuality "1"]

1. e4 g6 2. d4 Bg7 3. Nf3 d6 4. Nc3 Nf6 5. Be3 c6 6. Qd2 0-0 7. h3 Nbd7 8. Be2 b5 9. e5 Ne8 10. 0-0 Nb6 11. b3 Bf5 12. Bd3 Bxd3 13. cxd3 Qd7 14. Rac1 Rc8 15. Rc2 Nc7 16. Bh6 Bxh6 17. Qxh6 Ne6 18. Rd1 f6 19. Qh4 a5 20. Qg4 Rfd8 21. Rdc1 b4 22. Ne2 Nd5 23. Qe4 Rc7 24. Nd2 f5 25. Qh4 a4 26. bxa4 Ra8 27. Nf3 Rca7 28. Rxc6 Rxa4 29. exd6 exd6 30. Ng5 Qe7 31. Rc8+ Nf8 32. Kh2 Qd7 33. Nf4 Nc3 34. Rxa8 Rxa8 35. Re1 Ra7 36. Nf3 d5 37. Qf6 Qf7 38. Qd6 Rb7 39. Qc5 Rb5 40. Qc8 Qb7 41. Re8 Qxc8 42. Rxc8 Kg7 43. a3 Na2 44. Rc7+ Kh8 45. axb4 Nxb4 46. Ne5 Ra5 47. h4 Ra6 48. h5 g5 49. Nf7+ Kg8 50. Nxg5 h6 51. Nf7 Rf6 52. Nd8 Rd6 53. Rc8 Kg7 54. Kg3 1-0

[Event "IECG WC.2001.F.00002 email"]
[Site "IECG email"]
[Date "2001.12.15"]
[Round "?"]
[White "Simmelink, Joop Theo"]
[Black "Long, Jeffrey"]
[Result "1/2-1/2"]
[WhiteElo "2254"]
[BlackElo "2213"]
[PlyCount "97"]
[EventDate "2001.12.15"]
[EventType "tourn (corr)"]
[EventRounds "14"]
[SourceTitle "Corr 2008"]
[Source "ChessBase"]
[SourceDate "2008.06.24"]
[SourceVersion "1"]
[SourceVersionDate "2008.06.24"]
[SourceQuality "1"]

1. e4 g6 2. d4 Bg7 3. Nc3 d6 4. f4 Nf6 5. Nf3 c5 6. Bb5+ Bd7 7. e5 Ng4 8. Bxd7+ Qxd7 9. d5 dxe5 10. h3 e4 11. Nxe4 Nf6 12. Nxf6+ Bxf6 13. 0-0 0-0 14. Be3 Na6 15. Ne5 Qd6 16. Ng4 Bxb2 17. Rb1 Bg7 18. f5 Nb4 19. c4 b6 20. Qd2 h5 21. Nh2 Rad8 22. Bh6 Bxh6 23. Qxh6 Qf6 24. Nf3 Qg7 25. Qe3 gxf5 26. a3 Nc2 27. Qe2 Nd4 28. Nxd4 Qxd4+ 29. Kh1 Qf6 30. Qxh5 Qg6 31. Qh4 e5 32. Qe7 Rfe8 33. Qxa7 Rd6 34. a4 Rc8 35. Rbe1 Qf6 36. a5 bxa5 37. Qxa5 f4 38. Qc3 Re8 39. Re4 Qg5 40. Rfxf4 Qxf4 41. Rxf4 exf4 42. Qf3 Rg6 43. h4 f5 44. Kg1 Re4 45. Qb3 Re2 46. Kf1 Rd2 47. Qb8+ Kg7 48. Qe5+ Kg8 49. Qxf4 1/2-1/2

[Event "IECG WC.2000.F.00002 email"]
[Site "IECG email"]
[Date "2000.11.01"]
[Round "?"]
[White "Long, Jeffrey"]
[Black "Isaacson, David"]
[Result "1/2-1/2"]
[WhiteElo "2280"]
[BlackElo "1883"]
[PlyCount "107"]
[EventDate "2000.11.01"]
[EventType "tourn (corr)"]
[EventRounds "14"]
[SourceTitle "Corr 2008"]
[Source "ChessBase"]
[SourceDate "2008.06.24"]
[SourceVersion "1"]
[SourceVersionDate "2008.06.24"]
[SourceQuality "1"]

1. c4 e5 2. Nc3 Nc6 3. g3 g6 4. Bg2 Bg7 5. e3 d6 6. Nge2 Nge7 7. 0-0 0-0 8. d3 Be6 9. Nd5 Qd7 10. Rb1 Rab8 11. Nec3 a6 12. b4 b5 13. a3 f5 14. Bb2 Na7 15. Nxe7+ Qxe7 16. Rc1 Qf7 17. cxb5 axb5 18. Ne2 Rbc8 19. f4 c5 20. Qd2 cxb4 21. Qxb4 Rfd8 22. Nc3 Qd7 23. Nd5 Rc5 24. Nb6 Qc7 25. Na8 Qd7 26. Qa5 exf4 27. Bxg7 Kxg7 28. Nc7 Bf7 29. Qxa7 Qe7 30. Rxc5 dxc5 31. Nxb5 Rd7 32. Qa5 Qxe3+ 33. Kh1 fxg3 34. Qc3+ Kg8 35. Rf3 Qe2 36. hxg3 c4 37. d4 Bd5 38. Kg1 Bxf3 39. Bxf3 Qd3 40. Qxd3 cxd3 41. Kf2 Re7 42. a4 d2 43. Bd1 Kf8 44. a5 Re6 45. Be2 Ra6 46. Ke3 Rxa5 47. Kxd2 Ke7 48. Nc3 Kd6 49. Kd3 Ra1 50. Bd1 h5 51. Kc4 Rc1 52. Kb3 Ra1 53. Kb4 Rc1 54. Kc4 1/2-1/2

[Event "IECG WC.2000.F.00002 email"]
[Site "IECG email"]
[Date "2000.11.01"]
[Round "?"]
[White "Schwartz, Henry Martin"]
[Black "Long, Jeffrey"]
[Result "0-1"]
[WhiteElo "1205"]
[BlackElo "2280"]
[PlyCount "36"]
[EventDate "2000.11.01"]
[EventType "tourn (corr)"]
[EventRounds "14"]
[SourceTitle "Corr 2008"]
[Source "ChessBase"]
[SourceDate "2008.06.24"]
[SourceVersion "1"]
[SourceVersionDate "2008.06.24"]
[SourceQuality "1"]

1. d4 Nf6 2. c4 g6 3. Nc3 Bg7 4. e4 d6 5. f3 0-0 6. Be3 Nc6 7. Qd2 a6 8. 0-0-0 b5 9. d5 Na5 10. cxb5 axb5 11. Bxb5 Bd7 12. Bd4 Bxb5 13. Nxb5 c6 14. Nc3 Nc4 15. Qe2 cxd5 16. exd5 Qc8 17. Kb1 Qa6 18. b3 Rfb8 0-1

[Event "IECG WC.2000.S.00002 email"]
[Site "IECG email"]
[Date "1999.??.??"]
[Round "?"]
[White "Long, Jeffrey"]
[Black "Isaacson, David"]
[Result "1/2-1/2"]
[WhiteElo "2286"]
[BlackElo "1715"]
[PlyCount "80"]
[EventDate "1999.05.08"]
[EventType "tourn (corr)"]
[EventRounds "10"]
[SourceTitle "Corr 2008"]
[Source "ChessBase"]
[SourceDate "2008.06.24"]
[SourceVersion "1"]
[SourceVersionDate "2008.06.24"]
[SourceQuality "1"]

1. c4 e5 2. Nc3 Nc6 3. g3 g6 4. Bg2 Bg7 5. d3 d6 6. Nf3 Nf6 7. 0-0 0-0 8. a3 a5 9. Rb1 Nd4 10. Nxd4 exd4 11. Nb5 Ne8 12. e3 dxe3 13. fxe3 c6 14. Nd4 Nf6 15. Bd2 Bg4 16. Qc2 Qd7 17. Bc3 d5 18. b3 Nh5 19. Rbc1 dxc4 20. dxc4 Bh3 21. Qf2 Bxg2 22. Kxg2 f5 23. a4 Rfe8 24. Rcd1 Qe7 25. Rfe1 Nf6 26. Qe2 Ne4 27. Bb2 Rad8 28. Nf3 Bxb2 29. Qxb2 Qb4 30. Rd4 Nc5 31. Rxd8 Rxd8 32. Qe5 Ne4 33. Rf1 Qc3 34. Qe6+ Kf8 35. Ne5 Rd2+ 36. Kh1 Rxh2+ 37. Kxh2 Qd2+ 38. Kh1 Nxg3+ 39. Kg1 Ne2+ 40. Kh1 Ng3+ 1/2-1/2

[Event "IECG WC.2000.S.00002 email"]
[Site "IECG email"]
[Date "1999.??.??"]
[Round "?"]
[White "Scheffner, Axel"]
[Black "Long, Jeffrey"]
[Result "1-0"]
[WhiteElo "2504"]
[BlackElo "2286"]
[PlyCount "57"]
[EventDate "1999.05.08"]
[EventType "tourn (corr)"]
[EventRounds "10"]
[SourceTitle "Corr 2008"]
[Source "ChessBase"]
[SourceDate "2008.06.24"]
[SourceVersion "1"]
[SourceVersionDate "2008.06.24"]
[SourceQuality "1"]

1. d4 Nf6 2. c4 g6 3. Nc3 Bg7 4. e4 d6 5. Be2 0-0 6. Bg5 c5 7. d5 h6 8. Bf4 e6 9. dxe6 Bxe6 10. Qd2 Qb6 11. 0-0-0 Kh7 12. h4 Nc6 13. h5 g5 14. Bxg5 hxg5 15. h6 Bh8 16. Nf3 Rfd8 17. Nxg5+ Kg8 18. Nxe6 fxe6 19. h7+ Kf8 20. g4 Nd4 21. g5 Ne8 22. f4 Rd7 23. f5 exf5 24. exf5 d5 25. cxd5 Nc7 26. Bc4 Qb4 27. Qd3 b5 28. f6 Ne2+ 29. Qxe2 1-0

[Event "IECG CM.1998.0.00039"]
[Site "IECG email"]
[Date "1998.??.??"]
[Round "?"]
[White "Long, Jeffrey"]
[Black "Burkett, Max"]
[Result "1/2-1/2"]
[WhiteElo "2258"]
[BlackElo "2258"]
[PlyCount "71"]
[EventDate "1998.02.19"]
[EventType "tourn (corr)"]
[EventRounds "6"]
[SourceTitle "Corr 2008"]
[Source "ChessBase"]
[SourceDate "2008.06.24"]
[SourceVersion "1"]
[SourceVersionDate "2008.06.24"]
[SourceQuality "1"]

1. c4 f5 2. Nc3 Nf6 3. d4 e6 4. Nf3 Bb4 5. g3 Bxc3+ 6. bxc3 0-0 7. Bg2 d6 8. 0-0 Qe7 9. Bg5 Nc6 10. Rb1 Qf7 11. Nd2 e5 12. Qa4 exd4 13. Bxc6 bxc6 14. cxd4 Ne4 15. Nxe4 fxe4 16. Bf4 Bd7 17. Rb7 Rac8 18. c5 d5 19. Rfb1 Qh5 20. Qd1 Bg4 21. R1b2 h6 22. Rxa7 Rb8 23. Rxb8 Rxb8 24. Rxc7 Bxe2 25. Qe1 Rb2 26. Rxc6 Bd3 27. Rb6 Re2 28. Qc1 e3 29. Bxe3 Qf3 30. Rb8+ Kf7 31. Rb7+ Kg6 32. Re7 Rb2 33. Qe1 Bf5 34. Bc1 Bh3 35. Rxg7+ Kxg7 36. Qe7+ 1/2-1/2

[Event "IECG CP.1997.S.00001"]
[Site "IECG email"]
[Date "1998.??.??"]
[Round "?"]
[White "Long, Jeffrey"]
[Black "Frey Beckman, Kenneth"]
[Result "0-1"]
[WhiteElo "2281"]
[BlackElo "2411"]
[PlyCount "96"]
[EventDate "1998.11.20"]
[EventType "tourn (corr)"]
[EventRounds "10"]
[SourceTitle "Corr 2008"]
[Source "ChessBase"]
[SourceDate "2008.06.24"]
[SourceVersion "1"]
[SourceVersionDate "2008.06.24"]
[SourceQuality "1"]

1. c4 e6 2. Nc3 d5 3. d4 Be7 4. Nf3 Nf6 5. Bg5 0-0 6. e3 h6 7. Bh4 b6 8. Be2 Bb7 9. 0-0 Nbd7 10. Qc2 Ne4 11. Bxe7 Qxe7 12. Rac1 c5 13. cxd5 Nxc3 14. Qxc3 Bxd5 15. Rfd1 Rfd8 16. Qc2 a5 17. b3 Rac8 18. h3 Nf6 19. Ne5 Qb7 20. dxc5 Rxc5 21. Qd2 Ne4 22. Qe1 Rdc8 23. Rxc5 Rxc5 24. Nc4 Qc7 25. Bd3 Nf6 26. e4 Bxc4 27. Bxc4 b5 28. Bd3 b4 29. Qd2 g5 30. f3 Rc3 31. Bc4 Qe5 32. Qf2 Nh5 33. Bf1 Nf4 34. Kh1 Kg7 35. Bc4 a4 36. Kg1 a3 37. Bf1 h5 38. Kh1 Ng6 39. Kg1 h4 40. Rd2 Qg3 41. Qd4+ Ne5 42. Be2 Rc1+ 43. Bf1 Kg6 44. Qf2 Rb1 45. Qe2 Rb2 46. Kh1 g4 47. hxg4 Nxg4 48. fxg4 Qc3 0-1

[Event "IECG CM.1998.0.00039"]
[Site "IECG email"]
[Date "1998.??.??"]
[Round "?"]
[White "Long, Jeffrey"]
[Black "Mascioni, Vania D"]
[Result "1/2-1/2"]
[WhiteElo "2258"]
[BlackElo "2299"]
[PlyCount "122"]
[EventDate "1998.02.19"]
[EventType "tourn (corr)"]
[EventRounds "6"]
[SourceTitle "Corr 2008"]
[Source "ChessBase"]
[SourceDate "2008.06.24"]
[SourceVersion "1"]
[SourceVersionDate "2008.06.24"]
[SourceQuality "1"]

1. c4 c5 2. Nf3 Nf6 3. Nc3 e6 4. g3 b6 5. Bg2 Bb7 6. 0-0 Be7 7. d4 cxd4 8. Qxd4 d6 9. Rd1 a6 10. Bg5 Nbd7 11. Qd2 Rc8 12. Bf4 Rxc4 13. Bxd6 Rc8 14. Bxe7 Qxe7 15. e4 b5 16. a3 0-0 17. e5 Nd5 18. Ne4 Rc7 19. Rac1 Rfc8 20. Rxc7 Rxc7 21. Qd4 b4 22. axb4 Qxb4 23. Qxb4 Nxb4 24. Ne1 Nd5 25. Nd3 a5 26. Nd6 Ba6 27. Bxd5 exd5 28. Ne1 f6 29. f4 fxe5 30. Rxd5 exf4 31. Rxa5 Rc6 32. Nf5 Re6 33. Kf2 Re2+ 34. Kf3 fxg3 35. Nxg3 Re6 36. Kf4 Rf6+ 37. Ke3 Rb6 38. Kd4 Nb8 39. Kc3 Rc6+ 40. Kb3 Rh6 41. Rh5 Rb6+ 42. Ka3 Nc6 43. Rc5 Nd4 44. Nf5 Nxf5 45. Rxf5 Re6 46. Nf3 Re3+ 47. b3 g6 48. Rf4 Bb7 49. Nd4 Bd5 50. h4 Kg7 51. Kb2 Kh6 52. Kc2 Kh5 53. Kd2 Rh3 54. Nf5 Bxb3 55. Ng7+ Kh6 56. Ne8 Be6 57. Ke2 Bd7 58. Nf6 g5 59. Rb4 Bf5 60. hxg5+ Kxg5 61. Nxh7+ Bxh7 1/2-1/2

[Event "IECG email"]
[Site "IECG email"]
[Date "1998.??.??"]
[Round "?"]
[White "Long, Jeffrey"]
[Black "Rice, Mel G"]
[Result "1/2-1/2"]
[WhiteElo "2255"]
[BlackElo "2190"]
[PlyCount "44"]
[EventDate "1998.??.??"]
[EventType "tourn (corr)"]
[EventRounds "6"]
[SourceTitle "Corr 2004"]
[Source "ChessBase"]
[SourceDate "2003.04.28"]
[SourceVersion "3"]
[SourceVersionDate "2003.04.28"]
[SourceQuality "1"]

1. c4 Nf6 2. Nc3 e6 3. e4 d5 4. e5 d4 5. exf6 dxc3 6. bxc3 Qxf6 7. d4 e5 8. Nf3 exd4 9. Bg5 Qe6+ 10. Be2 Be7 11. Bxe7 d3 12. Qxd3 Qxe7 13. 0-0 Nd7 14. Rfe1 Nc5 15. Qc2 Be6 16. Nd4 0-0 17. Bg4 Qf6 18. Nxe6 fxe6 19. Rad1 Rad8 20. Qe2 Rxd1 21. Rxd1 b6 22. f3 e5 1/2-1/2

[Event "IECG QM.1998.0.00008 email"]
[Site "IECG email"]
[Date "1998.??.??"]
[Round "?"]
[White "Long, Jeffrey"]
[Black "Sidenko, Anatoly Viktorovich"]
[Result "1-0"]
[WhiteElo "2286"]
[BlackElo "2132"]
[PlyCount "91"]
[EventDate "1998.06.12"]
[EventType "tourn (corr)"]
[EventRounds "6"]
[SourceTitle "Corr 2008"]
[Source "ChessBase"]
[SourceDate "2008.06.24"]
[SourceVersion "1"]
[SourceVersionDate "2008.06.24"]
[SourceQuality "1"]

1. c4 b6 2. Nc3 c5 3. Nf3 e6 4. d4 cxd4 5. Nxd4 a6 6. e4 d6 7. Bd3 Nf6 8. 0-0 Be7 9. Be3 Bb7 10. Qe2 Nbd7 11. Rad1 Qc7 12. f3 Ne5 13. b3 b5 14. cxb5 Qxc3 15. bxa6 Bxa6 16. Bxa6 Rxa6 17. Qxa6 Qxe3+ 18. Kh1 0-0 19. b4 Nh5 20. g3 Nf6 21. Qb7 Bd8 22. a4 Nd3 23. Nc2 Nf2+ 24. Kg2 Nxd1 25. Nxe3 Nxe3+ 26. Kf2 Nxf1 27. Kxf1 d5 28. a5 dxe4 29. fxe4 Ng4 30. a6 Ne3+ 31. Ke2 Nc4 32. a7 Nb6 33. g4 Re8 34. b5 Kf8 35. e5 h6 36. h4 g6 37. Qc6 h5 38. g5 Re7 39. a8Q Nxa8 40. Qxa8 Re8 41. Qc6 Ba5 42. Kd3 Rd8+ 43. Kc4 Re8 44. Qb7 Be1 45. b6 Bxh4 46. Qa7 1-0

[Event "IECG CP.1997.S.00001"]
[Site "IECG email"]
[Date "1998.??.??"]
[Round "?"]
[White "Rensen, Martin"]
[Black "Long, Jeffrey"]
[Result "1/2-1/2"]
[WhiteElo "2150"]
[BlackElo "2281"]
[PlyCount "141"]
[EventDate "1998.11.20"]
[EventType "tourn (corr)"]
[EventRounds "10"]
[SourceTitle "Corr 2008"]
[Source "ChessBase"]
[SourceDate "2008.06.24"]
[SourceVersion "1"]
[SourceVersionDate "2008.06.24"]
[SourceQuality "1"]

1. d4 Nf6 2. c4 g6 3. Nc3 Bg7 4. e4 d6 5. f3 0-0 6. Be3 Nc6 7. Nge2 a6 8. Qd2 Rb8 9. h4 h5 10. Nc1 e5 11. d5 Nd4 12. Nb3 Nxb3 13. axb3 c5 14. Be2 Bd7 15. Nd1 Qb6 16. Nf2 Qxb3 17. Nd3 Rfc8 18. Ra3 Qb6 19. b4 Ne8 20. bxc5 dxc5 21. Ra5 Qb1+ 22. Qd1 Qxd1+ 23. Kxd1 f5 24. Nxc5 Rxc5 25. Bxc5 b6 26. Bxb6 Rxb6 27. Kc2 fxe4 28. fxe4 Rf6 29. Rf1 Rxf1 30. Bxf1 Nd6 31. Bd3 Nb7 32. Rxa6 Kf7 33. Ra7 Nc5 34. Rc7 Bf8 35. Kc3 Be7 36. Bc2 Kf6 37. Ra7 g5 38. hxg5+ Kxg5 39. Ra1 Be8 40. Rd1 Bd6 41. Kd2 Kf4 42. Rf1+ Kg3 43. Rf5 Kxg2 44. Ke3 h4 45. Bd1 h3 46. Rg5+ Kh2 47. Bg4 Nd7 48. Be6 Nf6 49. Bc8 Nh5 50. Ke2 Nf4+ 51. Kd2 Bh5 52. Bf5 Bf3 53. Rg7 Kh1 54. Bxh3 Nxh3 55. Rg6 Be7 56. Re6 Bg5+ 57. Kc2 Bxe4+ 58. Kb3 Bf4 59. d6 Bc6 60. Re7 e4 61. Rc7 Be8 62. Re7 Bg6 63. d7 Bc7 64. Re8 Bf5 65. d8Q Bxd8 66. Rxd8 Kg2 67. Kc3 Kf3 68. c5 Nf4 69. Rf8 Ne2+ 70. Kb2 Nd4 71. c6 1/2-1/2

[Event "IECG CP.1997.P.00012"]
[Site "IECG email"]
[Date "1997.??.??"]
[Round "?"]
[White "Kyllo, Richard"]
[Black "Long, Jeffrey"]
[Result "0-1"]
[WhiteElo "1142"]
[BlackElo "2250"]
[PlyCount "56"]
[EventDate "1997.10.27"]
[EventType "tourn (corr)"]
[EventRounds "8"]
[SourceTitle "Corr 2008"]
[Source "ChessBase"]
[SourceDate "2008.06.24"]
[SourceVersion "1"]
[SourceVersionDate "2008.06.24"]
[SourceQuality "1"]

1. e4 e6 2. Qe2 c5 3. Nf3 Nc6 4. g3 g6 5. Bg2 Bg7 6. 0-0 Nge7 7. c3 d5 8. d3 0-0 9. e5 b6 10. Na3 Ba6 11. Re1 h6 12. h4 Qc7 13. Bf1 Rad8 14. Bf4 Kh7 15. Qc2 d4 16. c4 Qd7 17. Bg2 Nb4 18. Qd2 Bb7 19. Nb5 Ned5 20. Nd6 Nxf4 21. gxf4 Bxf3 22. Bxf3 f6 23. exf6 Bxf6 24. Ne4 Bxh4 25. Bg4 Qc7 26. Bxe6 Qxf4 27. Qe2 Rde8 28. Bh3 Rxe4 0-1

[Event "IECG CP.1997.P.00012"]
[Site "IECG email"]
[Date "1997.??.??"]
[Round "?"]
[White "Long, Jeffrey"]
[Black "Nava Baro, Enrique"]
[Result "1/2-1/2"]
[WhiteElo "2250"]
[BlackElo "2032"]
[PlyCount "89"]
[EventDate "1997.10.27"]
[EventType "tourn (corr)"]
[EventRounds "8"]
[SourceTitle "Corr 2008"]
[Source "ChessBase"]
[SourceDate "2008.06.24"]
[SourceVersion "1"]
[SourceVersionDate "2008.06.24"]
[SourceQuality "1"]

1. c4 Nf6 2. Nc3 e6 3. e4 e5 4. Nf3 Nc6 5. d4 exd4 6. Nxd4 Bb4 7. f3 0-0 8. Be3 Bxc3+ 9. bxc3 d6 10. Be2 Ne5 11. 0-0 b6 12. Bg5 h6 13. Bxf6 Qxf6 14. f4 Ng6 15. g3 Bh3 16. Re1 Rae8 17. Qd3 Bc8 18. Bd1 a5 19. Ba4 Rd8 20. Rab1 Ba6 21. Rb2 Ne5 22. fxe5 dxe5 23. Rd1 c5 24. Rf1 Qd6 25. Qb1 cxd4 26. Rxb6 Qa3 27. Qb3 Qc5 28. Rxa6 dxc3+ 29. Rf2 Rd2 30. Qb6 Qxc4 31. Rxd2 cxd2 32. Bd1 Qxe4 33. Qf2 Qe1+ 34. Qf1 f5 35. Kg2 f4 36. gxf4 Rxf4 37. Qe2 e4 38. Rd6 Qxe2+ 39. Bxe2 e3 40. Kg3 Ra4 41. Kf3 Kf8 42. Rd8+ Ke7 43. Rd7+ Kf6 44. Kxe3 Rxa2 45. Bd1 1/2-1/2